| 000 | 00419nam a2200145 a 4500 | ||
|---|---|---|---|
| 001 | 858 | ||
| 003 | CDMR | ||
| 005 | 20130705125555.0 | ||
| 008 | 130130s1974||||||||||||||||||||||||||||d | ||
| 040 |
_aCDMR _bcat _cCPC GIRONA |
||
| 100 | 1 |
_aCarpenter, Edmund _9675 |
|
| 245 | 1 | 3 |
_aEl aula sin muros _bInvestigaciones sobre técnicas de comunicación _cCarpenter, Edmund , McLuhan, Marshall |
| 260 |
_c1974 _bLaia |
||
| 942 |
_cMON _2udc |
||
| 999 |
_c858 _d858 |
||